| 000 | 00812nam a2200253Ia 4500 | ||
|---|---|---|---|
| 003 | OSt | ||
| 005 | 20220918171253.0 | ||
| 006 | a|||||r|||| 00| 0 | ||
| 007 | ta | ||
| 008 | 220917b |||||||| |||| 00| 0 eng d | ||
| 020 |
_a9781446270493 (pbk) _c3985 |
||
| 024 | _a286,853 | ||
| 037 |
_b2542, 22/12/2015, International Book Centre _cTextual |
||
| 040 |
_aARTS _cARTS _beng |
||
| 041 |
_2eng _aeng |
||
| 082 | _aX:8g, P8 | ||
| 100 |
_aGreenwood Royston (at...al) Ed. _935222 |
||
| 245 | 0 | _aSage handbook of organizational institutionalism | |
| 260 |
_aLos Angeles _bAngles Sage UK _c2008 |
||
| 300 |
_axviii, 822p. _ccm. |
||
| 650 | _aECONOMICS | ||
| 942 |
_hX:8g, P8 _cTEXL _2CC |
||
| 999 |
_c138671 _d138671 |
||